[Event "AUT-chT U18 rapid"]
[Site "Vienna"]
[Date "2023.10.29"]
[Round "2.5"]
[White "Chen, Chicheng Leon"]
[Black "Pavlov, Julian"]
[Result "0-1"]
[WhiteElo "1363"]
[BlackElo "1399"]
[PlyCount "89"]
[EventDate "2023.10.29"]
[EventType "team-swiss"]
[EventRounds "7"]
[EventCountry "AUT"]
[SourceTitle "Mega2024 Update 01"]
[Source "Chessbase"]
[SourceDate "2023.11.12"]
[SourceVersion "1"]
[SourceVersionDate "2023.11.12"]
[SourceQuality "1"]
[WhiteTeam "Steiermark U18"]
[BlackTeam "Vienna U18 II"]
[WhiteTeamCountry "AUT"]
[BlackTeamCountry "AUT"]

1. e4 e5 2. Nf3 Nc6 3. Bc4 Bc5 4. c3 Nf6 5. d3 d6 6. 0-0 h6 7. Re1 0-0 8. h3 Be6 9. Bxe6 fxe6 10. b4 Bb6 11. a4 a6 12. Be3 Bxe3 13. Rxe3 Nh5 14. Qb3 Qd7 15. Nbd2 Nf4 16. Nf1 Kh7 17. Ng3 Ne7 18. d4 exd4 19. Nxd4 e5 20. Ndf5 Nxf5 21. Nxf5 Qf7 22. Qxf7 Rxf7 23. Kh2 Rf6 24. g3 Ne6 25. Kg2 Rf7 26. Rd1 Raf8 27. Rd2 Ng5 28. h4 Nxe4 29. Rxe4 Rxf5 30. c4 b6 31. Ree2 Rf3 32. b5 a5 33. Ra2 Rc3 34. Re4 Rff3 35. Ree2 Ra3 36. Kh3 Rfc3 37. Rxa3 Rxa3 38. Kg4 Rxa4 39. Rc2 Rb4 40. Kf5 a4 41. Ke6 a3 42. Kd7 Rb2 43. Rc1 a2 44. Ra1 Rxf2 45. Kxc7 0-1

[Event "AUT-chT U18 rapid"]
[Site "Vienna"]
[Date "2023.10.29"]
[Round "3.5"]
[White "Pavlov, Julian"]
[Black "Wielander, Magdalena"]
[Result "1-0"]
[WhiteElo "1399"]
[BlackElo "1200"]
[PlyCount "127"]
[EventDate "2023.10.29"]
[EventType "team-swiss"]
[EventRounds "7"]
[EventCountry "AUT"]
[SourceTitle "Mega2024 Update 01"]
[Source "Chessbase"]
[SourceDate "2023.11.12"]
[SourceVersion "1"]
[SourceVersionDate "2023.11.12"]
[SourceQuality "1"]
[WhiteTeam "Vienna U18 II"]
[BlackTeam "Vorarlberg U18"]
[WhiteTeamCountry "AUT"]
[BlackTeamCountry "AUT"]

1. d4 Nf6 2. Bf4 d5 3. Nf3 e6 4. c3 Be7 5. e3 0-0 6. Bd3 Nbd7 7. Nbd2 c5 8. 0-0 b6 9. Qc2 c4 10. Be2 Bb7 11. Ne5 Ne4 12. Nxe4 dxe4 13. Bxc4 Rc8 14. Bb3 Nxe5 15. Bxe5 Bd6 16. Bxd6 Qxd6 17. Qd1 Rfd8 18. Rc1 e5 19. Qh5 g6 20. Qg4 exd4 21. cxd4 Rxc1 22. Rxc1 Bd5 23. Qd1 Kg7 24. h3 f5 25. Rc3 Rf8 26. Qc2 Bxb3 27. Qxb3 Qb8 28. Qc4 Qd8 29. Qc7+ Kg8 30. Qxd8 Rxd8 31. Rc7 Ra8 32. Kf1 h5 33. h4 a5 34. Rc6 Kf7 35. Rxb6 Rc8 36. g3 Rc1+ 37. Kg2 Ra1 38. a3 Ra2 39. Rb5 a4 40. Rb4 Ke7 41. Rxa4 Rxb2 42. Ra7+ Ke6 43. a4 Ra2 44. a5 Kd6 45. Ra6+ Kc7 46. Rxg6 Rxa5 47. Rg5 Kd6 48. Rxh5 Ke7 49. g4 Kf6 50. Rxf5+ Rxf5 51. gxf5 Kxf5 52. Kg3 Ke6 53. Kf4 Kf6 54. Kxe4 Ke6 55. f4 Ke7 56. Ke5 Kd7 57. f5 Ke7 58. f6+ Kf7 59. Kf5 Kf8 60. Kg6 Kg8 61. f7+ Kf8 62. h5 Ke7 63. Kg7 Ke6 64. f8Q 1-0

[Event "AUT-ch U10 Online Rapid"]
[Site "Playchess.com INT"]
[Date "2020.12.13"]
[Round "4"]
[White "Pavlov, Julian"]
[Black "Aschenbrenner, Philip"]
[Result "0-1"]
[WhiteElo "1553"]
[BlackElo "1629"]
[PlyCount "84"]
[EventDate "2020.12.13"]
[EventType "swiss (rapid)"]
[EventRounds "7"]
[EventCountry "AUT"]
[SourceTitle "EXT 2022"]
[Source "ChessBase"]
[SourceDate "2021.10.06"]
[SourceVersion "1"]
[SourceVersionDate "2021.10.06"]
[SourceQuality "1"]

1. e4 c5 2. Nf3 d6 3. Bc4 Nf6 4. Nc3 Nc6 5. Bb5 Bd7 6. d3 a6 7. Ba4 b5 8. Bb3 g6 9. a3 Bg7 10. Be3 0-0 11. 0-0 Rb8 12. Qd2 Ng4 13. h3 Nxe3 14. fxe3 Na5 15. Ba2 h6 16. b4 Nc6 17. Rab1 cxb4 18. axb4 Rc8 19. Ne2 Ne5 20. Nxe5 Bxe5 21. d4 Bg7 22. Qe1 Rxc2 23. Bb3 Rc7 24. Qg3 e6 25. Qxd6 Bc6 26. Qf4 Re8 27. e5 Bd5 28. Bxd5 Qxd5 29. Rbc1 Rec8 30. Qf2 Qd7 31. Ng3 Rxc1 32. Rxc1 Rxc1+ 33. Kh2 Qc6 34. Qf4 Rc2 35. Ne4 g5 36. Qf3 a5 37. bxa5 b4 38. Kg3 b3 39. Nd6 Qxf3+ 40. gxf3 b2 41. Nb5 b1Q 42. Na3 Qg1# 0-1

[Event "AUT-ch U08"]
[Site "St Kanzian"]
[Date "2018.06.02"]
[Round "5.8"]
[White "Pavlov, Julian"]
[Black "Chen, Kevin2222"]
[Result "1-0"]
[WhiteElo "800"]
[BlackElo "855"]
[PlyCount "51"]
[EventDate "2018.06.01"]
[EventType "swiss"]
[EventRounds "7"]
[EventCountry "AUT"]
[SourceTitle "EXT 2024"]
[Source "ChessBase"]
[SourceDate "2023.10.10"]
[SourceVersion "1"]
[SourceVersionDate "2023.10.10"]
[SourceQuality "1"]

1. e4 e5 2. Nf3 Nc6 3. Nc3 Bc5 4. h3 Nf6 5. Bc4 0-0 6. 0-0 h6 7. d3 d6 8. a3 Bd4 9. Nxd4 exd4 10. Ne2 Bd7 11. Bb5 a6 12. Bxc6 Bxc6 13. Nxd4 Bd7 14. Re1 Ne8 15. Be3 Qf6 16. Qf3 Qxf3 17. Nxf3 Nf6 18. Bd4 Nh7 19. e5 c5 20. Bc3 dxe5 21. Nxe5 Bc6 22. Nxc6 bxc6 23. Be5 Rfe8 24. Bd6 Rxe1+ 25. Rxe1 Rb8 26. Bxb8 1-0

[Event "AUT-ch U08"]
[Site "St Kanzian"]
[Date "2018.06.01"]
[Round "3.3"]
[White "Pavlov, Julian"]
[Black "Dotzer, Lukas"]
[Result "0-1"]
[WhiteElo "800"]
[BlackElo "1139"]
[PlyCount "74"]
[EventDate "2018.06.01"]
[EventType "swiss"]
[EventRounds "7"]
[EventCountry "AUT"]
[SourceTitle "EXT 2024"]
[Source "ChessBase"]
[SourceDate "2023.10.10"]
[SourceVersion "1"]
[SourceVersionDate "2023.10.10"]
[SourceQuality "1"]

1. e4 e5 2. Nf3 Nc6 3. Nc3 a6 4. h3 Nf6 5. Bc4 Bc5 6. 0-0 d6 7. Ng5 0-0 8. d3 h6 9. Nf3 Nd4 10. Nxd4 exd4 11. Nd5 Nd7 12. Re1 g5 13. a3 b5 14. Bb3 c6 15. Nb4 a5 16. Nxc6 Qf6 17. Bd5 Bb7 18. Ne7+ Qxe7 19. Bxb7 Ra7 20. Bc6 Rb8 21. Bxd7 Qxd7 22. Qh5 Kg7 23. Bd2 a4 24. b4 axb3 25. cxb3 Rxa3 26. Rxa3 Bxa3 27. f4 f6 28. fxg5 hxg5 29. Ra1 Bb2 30. Ra6 Bc3 31. Bc1 Rh8 32. Qf3 Rc8 33. Qf5 Qxf5 34. exf5 Rc7 35. Rxd6 Bb4 36. Bb2 Bxd6 37. Bxd4 Bc5 0-1